| 000 | 00385nam a2200145Ia 4500 | ||
|---|---|---|---|
| 008 | 230917s9999||||xx |||||||||||||| ||und|| | ||
| 040 |
_e44100 _aMAIN |
||
| 041 | _aEnglish | ||
| 082 | _a297.2 C772E | ||
| 100 | _aCook, Michael | ||
| 245 | 0 | _aEarly muslim dogma: a source-critical suty | |
| 260 |
_aCambridge _bCambridge University Press _c1981 |
||
| 300 | _axi, 242 p. | ||
| 942 | _cBK | ||
| 999 |
_c223201 _d223201 |
||